=LDR 00000nam 2200000 4500 =001 INLIS000000000021527 =005 20130612120401 =008 ***********************************Ind** =035 ##$$a0010-061300000021527 =041 ##$$a Ind =082 ##$$a 581 =090 ##$$a 581, Ril t =100 ##$$a Riley, Peter =245 ##$$a Tumbuhan, seri pustaka sains, Peter Riley =260 ##$$a 2005 $b Jakarta =300 ##$$a 40 hlm, ilus, 28 cm =650 ##$$a Tumbuhan =850 ##$$a NBPNMAT =990 ##$$a 21195601/BPAP-NTB/2014